ბათუმის შოთა რუსთაველის სახელმწიფო უნივერსიტეტის ბიბლიოთეკა

Mokcewaj Kartlisaj=Nawrócenie Kartlii / (ბიბ.ჩანაწერი № 60486)

000 -LEADER
fixed length control field 00552nam a22001817a 4500
005 - DATE AND TIME OF LATEST TRANSACTION
control field 20230804154959.0
008 - FIXED-LENGTH DATA ELEMENTS--GENERAL INFORMATION
fixed length control field 230804s1995 pl ||||| |||| 00| 0 pol d
020 ## - INTERNATIONAL STANDARD BOOK NUMBER
International Standard Book Number 8390449102
041 ## - LANGUAGE CODE
Language code of text/sound track or separate title pol
080 ## - UNIVERSAL DECIMAL CLASSIFICATION NUMBER
Universal Decimal Classification number 94(479.22):27-36 M-78
245 ## - TITLE STATEMENT
Title Mokcewaj Kartlisaj=Nawrócenie Kartlii /
Statement of responsibility, etc. Dawid Kolbaia, Mariam Lordkipanidze; Universytet Warszawski.
264 ## - PRODUCTION, PUBLICATION, DISTRIBUTION, MANUFACTURE, AND COPYRIGHT NOTICE
Place of production, publication, distribution, manufacture Warszawa,
Date of production, publication, distribution, manufacture, or copyright notice 1995.
300 ## - PHYSICAL DESCRIPTION
Extent 102 p.;
Other physical details 20 cm.
653 ## - INDEX TERM--UNCONTROLLED
keyword რელიგია
653 ## - INDEX TERM--UNCONTROLLED
keyword ისტორია
710 ## - ADDED ENTRY--CORPORATE NAME
Corporate name or jurisdiction name as entry element Universytet Warszawski
9 (RLIN) 19601
942 ## - ADDED ENTRY ELEMENTS (KOHA)
Source of classification or shelving scheme
Koha item type წიგნი
ეგზემპლარები
Withdrawn status Lost status Source of classification or shelving scheme Damaged status Not for loan Permanent Location Current Location Shelving location Date acquired Cost, normal purchase price Full call number Barcode Date last seen Copy number Uniform Resource Identifier Price effective from Koha item type Public note
          ბათუმის შოთა რუსთაველის სახელმწიფო უნივერსიტეტის მთავარი ბიბლიოთეკა ბათუმის შოთა რუსთაველის სახელმწიფო უნივერსიტეტის მთავარი ბიბლიოთეკა წიგნსაცავი 2023-08-04 10.00 94(479.22):27-36 M-78 65142 2023-08-04 65142 ბსუ-ს საპატიო დოქტორის გურამ ლორთქიფანიძის საჩუქარი 2023-08-04 წიგნი 10 ლ.